| 000 -LEADER |
| fixed length control field |
01387cam a2200373 a 4500 |
| 001 - CONTROL NUMBER |
| control field |
017605655 |
| 003 - CONTROL NUMBER IDENTIFIER |
| control field |
UkOxU |
| 005 - DATE AND TIME OF LATEST TRANSACTION |
| control field |
20230818114243.0 |
| 008 - FIXED-LENGTH DATA ELEMENTS--GENERAL INFORMATION |
| fixed length control field |
090624r20081992enka 000 1 eng d |
| 010 ## - LIBRARY OF CONGRESS CONTROL NUMBER |
| LC control number |
2009291702 |
| 020 ## - INTERNATIONAL STANDARD BOOK NUMBER |
| International Standard Book Number |
9780194791311 (pbk.) |
| 020 ## - INTERNATIONAL STANDARD BOOK NUMBER |
| International Standard Book Number |
0194791319 (pbk.) |
| 035 ## - SYSTEM CONTROL NUMBER |
| System control number |
(OCoLC)243637624 |
| 035 ## - SYSTEM CONTROL NUMBER |
| System control number |
(IeDuTC)b139511787 |
| 035 ## - SYSTEM CONTROL NUMBER |
| System control number |
(UkLCURL)08b139511787 |
| 038 ## - RECORD CONTENT LICENSOR |
| Record content licensor |
OCoLC |
| 040 ## - CATALOGING SOURCE |
| Original cataloging agency |
VLB |
| Transcribing agency |
VLB |
| Modifying agency |
DLC |
| -- |
YDXCP |
| -- |
BTCTA |
| -- |
BAKER |
| -- |
KH8 |
| 042 ## - AUTHENTICATION CODE |
| Authentication code |
lccopycat |
| 049 ## - LOCAL HOLDINGS (OCLC) |
| Local processing data |
o |
| 082 00 - DEWEY DECIMAL CLASSIFICATION NUMBER |
| Classification number |
428.6 GIL |
| Edition number |
22 |
| 090 ## - LOCALLY ASSIGNED LC-TYPE CALL NUMBER (OCLC); LOCAL CALL NUMBER (RLIN) |
| Classification number (OCLC) (R) ; Classification number, CALL (RLIN) (NR) |
TCD |
| Local cutter number (OCLC) ; Book number/undivided call number, CALL (RLIN) |
PB-286-87 |
| 100 1# - MAIN ENTRY--PERSONAL NAME |
| Personal name |
Gilbert, Harry, |
| Dates associated with a name |
1946- |
| Relator term |
author. |
| 245 14 - TITLE STATEMENT |
| Title |
The star zoo / |
| Statement of responsibility, etc. |
Harry Gilbert. |
| 260 ## - PUBLICATION, DISTRIBUTION, ETC. |
| Place of publication, distribution, etc. |
Oxford ; |
| -- |
New York : |
| Name of publisher, distributor, etc. |
Oxford University Press, |
| Date of publication, distribution, etc. |
c2008. |
| 300 ## - PHYSICAL DESCRIPTION |
| Extent |
72 p. : |
| Other physical details |
ill. ; |
| Dimensions |
20 cm. |
| 490 0# - SERIES STATEMENT |
| Series statement |
Oxford Bookworms Library ; Stage 3, Fantasy & horror |
| 500 ## - GENERAL NOTE |
| General note |
"First published in Oxford Bookworms, 1992"--T.p. verso. |
| 505 0# - FORMATTED CONTENTS NOTE |
| Formatted contents note |
You must marry me -- A spaceship made of plastic -- Monsters -- More monsters -- Waiting for fifteen thousand years -- They don't believe me -- The answer is robots -- An animal is made -- An animal is destroyed -- Two of everything. |
| 650 #0 - SUBJECT ADDED ENTRY--TOPICAL TERM |
| Topical term or geographic name entry element |
Readers (Adult) |
| 650 #0 - SUBJECT ADDED ENTRY--TOPICAL TERM |
| Topical term or geographic name entry element |
English language |
| Form subdivision |
Textbooks for foreign speakers. |
| 650 #0 - SUBJECT ADDED ENTRY--TOPICAL TERM |
| Topical term or geographic name entry element |
Reading comprehension |
| Form subdivision |
Problems, exercises, etc. |
| 655 #7 - INDEX TERM--GENRE/FORM |
| Genre/form data or focus term |
Fantasy fiction. |
| Source of term |
gsafd |
| 942 ## - ADDED ENTRY ELEMENTS (KOHA) |
| Source of classification or shelving scheme |
|
| Koha item type |
Teaching Resources |